000 01455nam a2200301Ia 4500
001 ebr10071468
003 CaPaEBR
006 m u
007 cr cn|||||||||
008 050324s2000 dcua sb 000 0 eng d
020 _z0309575818 (electronic bk.)
040 _aCaPaEBR
_cCaPaEBR
035 _a(OCoLC)58593906
050 1 4 _aHV5732
_b.S73 2000eb
082 0 4 _a616.865
_222
245 0 0 _aState programs can reduce tobacco use
_h[electronic resource] /
_cNational Cancer Policy Board, Institute of Medicine, National Research Council.
260 _aWashington, D.C. :
_bNational Cancer Policy Board,
_cc2000.
300 _a17 p. :
_bill.
500 _a"This study was supported through funding provided by...the Centers for Disease Control and Prevention; the American Cancer Society; Amgen, Inc.; Abbott Laboratories and Hoechst Marion Roussel, Inc.
504 _aIncludes bibliographical references.
533 _aElectronic reproduction.
_bPalo Alto, Calif. :
_cebrary,
_d2007.
_nAvailable via World Wide Web.
_nAccess may be limited to ebrary affiliated libraries.
650 0 _aTobacco use
_zUnited States
_xPrevention.
650 0 _aSubstance abuse
_zUnited States
_xPrevention.
655 7 _aElectronic books.
_2local
710 2 _aNational Cancer Policy Board (U.S.)
710 2 _aebrary, Inc.
856 4 0 _uhttp://site.ebrary.com/lib/rucke/Doc?id=10071468
_zAn electronic book accessible through the World Wide Web; click to view
999 _c43555
_d43555